00454 2200181 4500001002100000008004100021035002000062245005100082100001900133250000600152260003200158300001200190020002200202084001400224082000800238650001400246990001200260INLIS000000000001236 ind  a0010-0524000471 aMekanika & Fluida 2cProf. Yohanes Surya, Ph.D aSurya, Yohanes a1 aJakarta :bPT. Kandelc2017 a337 hlm a978-602-6878-30-4 a530 YOH m a530 aNon Fiksi a0744952